Roblox Dead Rails Classes Quiz (As of Dec 2025) - Statistics

General Stats
  • This quiz has been taken 8 times
  • The average score is 26 of 29
Answer Stats
Answer % Correct
Alamo
100%
Conductor
100%
Doctor
100%
Horse
100%
Ironclad
100%
Knight
100%
Miner
100%
President
100%
Vampire
100%
Werewolf
100%
Zombie
100%
Arsonist
83%
Cowboy
83%
Eggslinger
83%
Frankenstein
83%
High Roller
83%
Hunter
83%
King
83%
Milkman
83%
Musician
83%
Necromancer
83%
None
83%
Packmaster
83%
Priest
83%
Survivalist
83%
Tycoon
83%
Corrosioneer
67%
Demolitionist
67%
Ghost
67%
No matching quizzes found
Score Distribution
Percent of People with Each Score
Percentile by Number Answered
Your Score History
You have not taken this quiz